TWICE English Lyrics Quiz - Statistics

General Stats
  • This quiz has been taken 1,646 times
    207 since last reset
  • The average score is 7 of 9
Answer Stats
Lyrics Answer % Correct
Uh, I'm so curious’Bout ya boy, wanna keep it cool But I know everytime you move The Feels
93%
One time for all my ladiesYou looking good as what So tell 'em bye, bye 'Cause it's your time to turn it up THIS IS FOR
92%
Mojito with limeSweet mimosa, piña colada I'm drunk in you (I'm drunk in you) I'm drunk in you (I'm drunk in you) Alcohol- Free
91%
I ain't gonna bite, come on over (No)I know you wanna move a little closer (Yeah) I got a plan to get you with me (I) Strategy
84%
I wanna knowI wanna know What is Love?
83%
Don't try to be a genius, why so serious? Scientist
82%
This is an emergencyHelp me, help me, somebody stop me I CAN'T STOP ME
80%
I don't know how to say thisI hope this song's on your playlist This feeling's so hard to explain MOONLIGHT SUNRISE
74%
Hey, I love you (Love ya!) FANCY
53%
No matching quizzes found
Score Distribution
Percent of People with Each Score
Percentile by Number Answered
Your Score History
You have not taken this quiz since the last reset